Films ayant pour titre un prénom - Statistiques

Statistiques générales
  • Ce quiz a été pris 477 fois
  • Le résultat moyen est 12 sur 30
Statistiques - réponses
Hint Réponse % Correct
Léon
91%
Rocky
88%
Tarzan
86%
Annabelle
84%
Lucy
82%
Didier
68%
Ali
66%
Bernadette
56%
Yannick
54%
Aline
53%
Tanguy
52%
Joséphine
49%
Nikita
49%
Jean-Philippe
42%
Frantz
39%
Thérèse
30%
Esther
29%
Benedetta
28%
Lolita
24%
Emmanuelle
22%
Marguerite
22%
Maurice
20%
Elisa
17%
Colette
16%
Paulette
16%
Angus
15%
Rosalie
13%
Sabrina
10%
Rebecca
7%
Julieta
5%
Aucun quiz correspondant
Distribution des résultats
% des personnes avec chaque résultat
Percentile par nombre de réponses
Votre historique - résultats
Vous n’avez pas pris ce quiz